[Event "ch-LAT 2017"]
[Site "Riga LAT"]
[Date "2017.05.02"]
[Round "4.2"]
[White "Klimakovs,S"]
[Black "Tokranovs,Dmitrijs"]
[Result "0-1"]
[WhiteElo "2300"]
[BlackElo "2227"]

1.e4 g6 2.d4 Bg7 3.c4 d6 4.Nc3 Nd7 5.Nf3 e5 6.Bg5 f6 7.Be3 Nh6 8.h3 Nf7 9.g4
c6 10.Qd2 Qe7 11.O-O-O Nf8 12.Kb1 f5 13.gxf5 gxf5 14.dxe5 dxe5 15.Qc2 f4
16.Bc1 Ne6 17.b3 Bd7 18.Bb2 O-O-O 19.h4 Kb8 20.Bh3 Bf6 21.Ne2 Bc8 22.Rxd8 Rxd8
23.Bf5 Nf8 24.Bxc8 Kxc8 25.Nc1 Nd7 26.Bc3 Rg8 27.Nd3 Rg4 28.h5 h6 29.a4 Ng5
30.Qe2 Nxf3 31.Qxf3 Rg5 32.Qh3 Kc7 33.Ba5+ b6 34.Bc3 Qh7 35.Re1 Qf7 36.Rh1 Be7
37.Kc2 Bd6 38.a5 Nf6 39.axb6+ axb6 40.c5 bxc5 41.Ra1 Kb7 42.Nxc5+ Bxc5 43.Qd3
Qe8 44.Qa6+ Kc7 45.Rd1 Bd4 46.Ba5+ Kd7 47.Qb7+ Ke6 48.Bb4 Nxe4 49.Re1 Nf6
50.Kd3 Qd7 {#R} 0-1

[Event "ch-LAT 2017"]
[Site "Riga LAT"]
[Date "2017.05.02"]
[Round "4.6"]
[White "Starostits,I"]
[Black "Mustaps,M"]
[Result "0-1"]
[WhiteElo "2409"]
[BlackElo "2302"]

1.d4 Nf6 2.c4 g6 3.Nc3 Bg7 4.e4 d6 5.f4 O-O 6.Nf3 c5 7.dxc5 Qa5 8.Bd3 Qxc5
9.Qe2 Nc6 10.Be3 Qh5 11.h3 Bg4 12.O-O Bxf3 13.Rxf3 Nd7 14.Qf2 Qa5 15.Rc1 Rac8
16.h4 e6 17.h5 Nf6 18.hxg6 fxg6 19.Qh4 Qh5 20.Qxh5 Nxh5 21.g4 Ne5 22.gxh5
Nxf3+ 23.Kf2 Ne5 24.Be2 Nxc4 25.hxg6 hxg6 26.Bg4 Kf7 27.Nb5 a6 28.Nd4 Bxd4
29.Bxd4 Ne5 30.fxe5 Ke7+ 31.Ke3 Rxc1 {#R} 0-1

[Event "ch-LAT 2017"]
[Site "Riga LAT"]
[Date "2017.05.02"]
[Round "4.8"]
[White "Kretainis,K"]
[Black "Neiksans,A"]
[Result "0-1"]
[WhiteElo "2246"]
[BlackElo "2599"]

1.e4 c5 2.Nf3 Nc6 3.Bb5 g6 4.Bxc6 bxc6 5.O-O Bg7 6.Re1 Nh6 7.d4 cxd4 8.Bxh6
Bxh6 9.Qxd4 O-O 10.Nc3 Qb6 11.Qxb6 axb6 12.e5 Bg7 13.Rad1 Rd8 14.a3 d5 15.h3
Bd7 16.Ne2 e6 17.Nf4 c5 18.c3 Ba4 19.Rb1 Bc2 20.Rbc1 Be4 21.Ng5 Bxe5 22.g3
Bxf4 23.gxf4 Bf5 24.Kh2 d4 25.Nf3 d3 26.Nd2 Ra4 27.Kg3 f6 28.Re3 Kf7 29.Rd1 h6
30.Ra1 g5 31.fxg5 hxg5 32.c4 Rh8 33.Kg2 Rh4 34.Rg3 Ra8 35.Rh1 Rah8 36.f3 e5
37.Rh2 Be6 38.b3 Ra8 39.a4 Bf5 40.Kf2 Rah8 41.Kg2 Kg6 42.Rh1 R8h7 43.Rh2 R7h5
44.Rh1 Bc8 {#R} 0-1

[Event "ch-LAT 2017"]
[Site "Riga LAT"]
[Date "2017.05.02"]
[Round "4.9"]
[White "Skuja,A"]
[Black "Meijers,V"]
[Result "0-1"]
[WhiteElo "2099"]
[BlackElo "2490"]

1.e4 c5 2.Nf3 b6 3.d4 cxd4 4.Nxd4 Bb7 5.Nc3 a6 6.Be3 e6 7.Bd3 b5 8.O-O Nc6
9.a4 b4 10.Nxc6 Bxc6 11.Ne2 Nf6 12.Ng3 h5 13.e5 Ng4 14.Bd4 Nxh2 15.Re1 Ng4
16.Be4 Rc8 17.c3 Qh4 18.Qf3 bxc3 19.bxc3 Be7 20.Bxc6 Rxc6 21.Re4 g6 22.Qd3 O-O
23.Nf1 d5 24.Ree1 Bc5 25.f3 Bxd4+ 26.cxd4 Qf2+ {#R} 0-1

[Event "ch-LAT 2017"]
[Site "Riga LAT"]
[Date "2017.05.02"]
[Round "4.11"]
[White "Kolasa,Pjotrs"]
[Black "Meskovs,N"]
[Result "0-1"]
[WhiteElo "1936"]
[BlackElo "2510"]

1.d4 Nf6 2.c4 g6 3.Nc3 Bg7 4.e4 d6 5.Nf3 O-O 6.h3 e5 7.d5 a5 8.Be3 Na6 9.g4
Nd7 10.Rg1 Ndc5 11.a3 a4 12.Nd2 Bd7 13.Qc2 Kh8 14.g5 f5 15.gxf6 Qxf6 16.O-O-O
Qh4 17.Be2 Bh6 18.Nf3 Bxe3+ 19.fxe3 Qf2 20.Kb1 Qxe3 21.h4 Rf6 22.h5 gxh5
23.Ng5 Rg8 24.Qc1 Qxc1+ 25.Kxc1 Bg4 26.Bxg4 hxg4 27.Ne6 c6 28.Rg3 Nxe6 29.dxe6
Nc5 30.e7 Re6 31.e8=Q Rexe8 32.Rxd6 Rg5 33.Kd2 Kg7 34.Ke3 h5 35.Rd1 h4 36.Rgg1
Rf8 37.Rdf1 Rxf1 38.Rxf1 g3 39.Ne2 g2 40.Rd1 h3 {#R} 0-1

[Event "ch-LAT 2017"]
[Site "Riga LAT"]
[Date "2017.05.02"]
[Round "4.12"]
[White "Feldmanis,Arturs"]
[Black "Krustkalns,K"]
[Result "0-1"]
[WhiteElo "1752"]
[BlackElo "2201"]

1.d4 f5 2.h3 Nf6 3.g4 d5 4.Bf4 Nc6 5.Nc3 a6 6.g5 Ne4 7.Nf3 e6 8.a3 Bd6 9.e3
Qe7 10.Bxd6 Qxd6 11.Bd3 Bd7 12.Nh4 O-O-O 13.f4 Nxg5 14.Bxa6 bxa6 15.fxg5 Qg3+
16.Kd2 Qxh4 17.Qe2 Nb8 18.Rag1 h6 19.b4 hxg5 20.a4 Rdf8 21.a5 f4 22.e4 f3
23.Qd3 f2 24.Rg4 Qxg4 25.Nxd5 exd5 {#R} 0-1

[Event "ch-LAT 2017"]
[Site "Riga LAT"]
[Date "2017.05.02"]
[Round "4.13"]
[White "Osis,R"]
[Black "Daudzvardis,J"]
[Result "1-0"]
[WhiteElo "2161"]
[BlackElo "2114"]

1.d4 c5 2.e3 d5 3.c3 e6 4.Nd2 Nc6 5.Ngf3 Nf6 6.Bd3 Be7 7.O-O c4 8.Bc2 Rb8 9.e4
dxe4 10.Nxe4 b5 11.Bf4 Rb6 12.Nxf6+ Bxf6 13.Qe2 Ne7 14.Nd2 Bb7 15.a4 a6
16.axb5 axb5 17.Ne4 Bxe4 18.Qxe4 Nd5 19.Bd2 Be7 20.Qg4 O-O 21.Bh6 Bf6 22.Qe4
g6 23.Bxf8 Qxf8 24.Qf3 Kg7 25.Be4 Ne7 26.Ra8 Rb8 27.Rfa1 Qd8 28.Qg3 Rxa8
29.Rxa8 Qd7 30.Qb8 {#r} 1-0

[Event "ch-LAT 2017"]
[Site "Riga LAT"]
[Date "2017.05.02"]
[Round "4.15"]
[White "Mierins,Eriks"]
[Black "Avotins,Maigonis"]
[Result "1-0"]
[WhiteElo "2150"]
[BlackElo "1972"]

1.e4 c5 2.Nf3 d6 3.c4 Nc6 4.d4 cxd4 5.Nxd4 g6 6.Nc3 Bg7 7.Be3 Nf6 8.Be2 O-O
9.O-O Bd7 10.f3 a6 11.Qd2 Rc8 12.Rfd1 Kh8 13.Rac1 Ne5 14.b3 Qa5 15.Bf1 Nc6
16.Qf2 Qh5 17.Nde2 g5 18.Ng3 Qg6 19.Na4 Ne5 20.Nb6 Qh6 21.Qd2 Rc6 22.Bxg5 Qg6
23.Nd5 Nxd5 24.exd5 Rc7 25.Bxe7 Rg8 26.Qg5 Qxg5 27.Bxg5 f6 28.Bf4 f5 29.Kf2
Bf6 30.c5 Rxc5 31.Rxc5 dxc5 32.Nh5 Ng4+ 33.fxg4 Bd4+ 34.Rxd4 {#r} 1-0

[Event "ch-LAT 2017"]
[Site "Riga LAT"]
[Date "2017.05.02"]
[Round "4.16"]
[White "Bekasovs,Rihards"]
[Black "Polyakov,Fedor"]
[Result "0-1"]
[WhiteElo "2023"]
[BlackElo "2086"]

1.c4 e5 2.g3 Nf6 3.Bg2 c6 4.Nc3 Bb4 5.a3 Bxc3 6.bxc3 O-O 7.Nf3 Re8 8.O-O d5
9.cxd5 cxd5 10.d4 e4 11.Ne5 Nbd7 12.Nxd7 Bxd7 13.Qb3 Re6 14.c4 Rb6 15.Qa2 dxc4
16.Qxc4 Bb5 17.Qc2 Rc8 18.Qd2 Rbc6 19.Re1 Rc2 20.Qb4 Qd7 21.Rb1 Bxe2 22.Bg5
Qf5 23.Bd2 Bd3 24.Rb2 Ng4 25.Qxb7 Rxb2 26.Qxb2 Qxf2+ 27.Kh1 h5 28.Rc1 Re8
29.Bc3 e3 30.h3 e2 31.Be1 Qf1+ {#R} 0-1

[Event "11th Agzamov Mem 2017"]
[Site "Tashkent UZB"]
[Date "2017.05.02"]
[Round "1.1"]
[White "Makhmudov,Shukhrat"]
[Black "Kazhgaleyev,M"]
[Result "0-1"]
[WhiteElo "2112"]
[BlackElo "2593"]

1.e4 e6 2.Nf3 d5 3.e5 c5 4.b4 b6 5.bxc5 bxc5 6.c3 Bd7 7.d4 Nc6 8.Ba3 Qa5
9.dxc5 Bxc5 10.Bxc5 Qxc5 11.Bd3 f6 12.Qe2 Nge7 13.O-O O-O 14.Nbd2 Qxc3 15.Rfc1
Qb4 16.Rab1 Qf4 17.Rb7 Rad8 18.g3 Qh6 19.exf6 Qxf6 20.Bb5 e5 21.Bxc6 Nxc6
22.Nb3 Qxf3 {#R} 0-1

[Event "11th Agzamov Mem 2017"]
[Site "Tashkent UZB"]
[Date "2017.05.02"]
[Round "1.3"]
[White "Hamrakulova,Y"]
[Black "Gagunashvili,M"]
[Result "0-1"]
[WhiteElo "2106"]
[BlackElo "2573"]

1.d4 Nf6 2.c4 c5 3.d5 e6 4.Nc3 exd5 5.cxd5 d6 6.e4 g6 7.h3 Bg7 8.Nf3 O-O 9.Bd3
Re8 10.O-O a6 11.a4 Nbd7 12.Re1 Nh5 13.g4 Nhf6 14.Bg5 Qc7 15.Nd2 Ne5 16.Bf1 c4
17.Qc2 h5 18.f3 Bd7 19.a5 hxg4 20.hxg4 b5 21.axb6 Qxb6+ 22.Be3 Qc7 23.Bd4 Bb5
24.Nxb5 axb5 25.Rxa8 Rxa8 26.b3 Nfd7 27.bxc4 bxc4 28.f4 Nxg4 29.Bxg7 Qc5+
30.Kh1 Kxg7 31.Qc3+ Ndf6 32.Re2 Rh8+ 33.Kg2 Rh2+ 34.Kf3 Rf2+ {#R} 0-1

[Event "11th Agzamov Mem 2017"]
[Site "Tashkent UZB"]
[Date "2017.05.02"]
[Round "1.4"]
[White "Bortnyk,Olexandr"]
[Black "Ayyoubi,S"]
[Result "1-0"]
[WhiteElo "2567"]
[BlackElo "2080"]

1.e4 e5 2.Nf3 Nc6 3.Bc4 Bc5 4.c3 Nf6 5.d3 O-O 6.O-O h6 7.b4 Bb6 8.a4 a6 9.Nbd2
d6 10.Bb3 Bg4 11.h3 Bh5 12.g4 Nxg4 13.hxg4 Bxg4 14.Kg2 Kh8 15.Rh1 f5 16.Be6
Bxf3+ 17.Nxf3 fxe4 18.dxe4 Qe8 19.Bf5 Ne7 20.Bxh6 Nxf5 21.exf5 Rxf5 22.Be3+
Kg8 23.Qd5+ Qf7 24.Qxf7+ Rxf7 25.Bxb6 cxb6 26.Rh3 Raf8 27.Rah1 g6 28.Ng5 {#r}
1-0

[Event "11th Agzamov Mem 2017"]
[Site "Tashkent UZB"]
[Date "2017.05.02"]
[Round "1.5"]
[White "Vladimirov,V UZB"]
[Black "Stupak,K"]
[Result "0-1"]
[WhiteElo "2063"]
[BlackElo "2560"]

1.e4 c6 2.d4 d5 3.Nc3 a6 4.Nf3 Bg4 5.h3 Bh5 6.g4 Bg6 7.Bd3 e6 8.Ne5 Bb4 9.Nxg6
hxg6 10.a3 Bxc3+ 11.bxc3 Nf6 12.e5 Nfd7 13.a4 c5 14.Qf3 Nc6 15.Rb1 Qa5 16.Bd2
Qxa4 17.Rxb7 cxd4 18.O-O Ndxe5 19.Qg3 O-O 20.cxd4 Nxd3 21.cxd3 Rac8 22.h4 Nxd4
23.Kg2 Rc2 24.Bb4 Qc6 25.Rb8 Rxb8 26.Qxb8+ Qc8 27.Qf4 e5 28.Qxe5 Qxg4+ 29.Qg3
Qf5 30.Bd6 Rd2 31.Qh3 Rxd3 32.Qxf5 Nxf5 33.Bg3 Rxg3+ {#R} 0-1

[Event "11th Agzamov Mem 2017"]
[Site "Tashkent UZB"]
[Date "2017.05.02"]
[Round "1.6"]
[White "Kotsur,P"]
[Black "Yakubbaeva,Nilufar"]
[Result "1-0"]
[WhiteElo "2552"]
[BlackElo "2058"]

1.e4 c6 2.d4 d5 3.e5 Bf5 4.Nf3 e6 5.Be2 Nd7 6.O-O h6 7.Nbd2 Ne7 8.Nb3 Qc7
9.Bd2 c5 10.Nxc5 Nxc5 11.dxc5 Qxc5 12.Be3 Qc7 13.Bb5+ Nc6 14.Nd4 Bg6 15.c4
dxc4 16.Qa4 Be4 17.Rac1 Be7 18.Rxc4 O-O 19.Nxe6 fxe6 20.Rxe4 Rad8 21.Bc4 Nxe5
22.Bxe6+ Kh8 23.Qxa7 Qd6 24.Qd4 Qxe6 25.Qxe5 Qg6 26.Qe6 Bf6 27.Rb4 Rfe8 28.Qc4
Rc8 29.Qd5 Rc2 30.Qxb7 Qd3 31.Qb5 Qg6 32.Bd4 Bxd4 33.Rxd4 Rf8 34.g3 Qe6 35.a4
Rf5 36.Rd8+ Kh7 37.Qd3 Rc4 38.Rf8 g6 39.Rxf5 gxf5 40.b3 Rg4 41.Rc1 {#r} 1-0

[Event "11th Agzamov Mem 2017"]
[Site "Tashkent UZB"]
[Date "2017.05.02"]
[Round "1.7"]
[White "Ismailov,Timur"]
[Black "Vakhidov,J"]
[Result "0-1"]
[WhiteElo "2054"]
[BlackElo "2542"]

1.e4 c5 2.Nf3 Nc6 3.Bb5 e6 4.O-O Nge7 5.c3 d5 6.exd5 Qxd5 7.d4 cxd4 8.Nxd4 Bd7
9.Be3 Nxd4 10.Bxd7+ Qxd7 11.Qxd4 Qxd4 12.Bxd4 Nf5 13.Be5 f6 14.Bf4 O-O-O 15.a4
Rd3 16.Bc1 a6 17.Na3 Bc5 18.Re1 e5 19.Nc4 Rhd8 20.Kf1 Kc7 21.a5 Kc6 22.Na3
Bxa3 23.Rxa3 Nd6 24.Ra4 Rd5 25.Be3 Rb5 26.b4 Rd5 27.Raa1 Nc4 28.Rac1 Kb5
29.Bc5 R8d7 30.Ba7 Nd2+ 31.Ke2 Kc4 32.Be3 Ne4 33.f4 Nxc3+ 34.Kf2 e4 35.Bc5
Rd2+ 36.Kf1 f5 37.Bf8 g6 38.h4 h5 39.Bc5 Rd1 40.Kf2 R7d2+ 41.Ke3 Rxe1+ 42.Rxe1
Rd1 {#R} 0-1

[Event "11th Agzamov Mem 2017"]
[Site "Tashkent UZB"]
[Date "2017.05.02"]
[Round "1.8"]
[White "Pourramezanali,A"]
[Black "Khudoykulov,Nuriddin"]
[Result "1-0"]
[WhiteElo "2512"]
[BlackElo "2053"]

1.d4 Nf6 2.Bf4 e6 3.e3 Be7 4.Bd3 d6 5.e4 Nbd7 6.Nf3 c5 7.dxc5 Nxc5 8.Nc3 a6
9.Qe2 b5 10.a3 Bb7 11.Rd1 Qb6 12.Nd2 Rd8 13.O-O O-O 14.Rfe1 Bc6 15.h3 Qb7
16.b4 Nxd3 17.cxd3 e5 18.Bg5 Ne8 19.Bxe7 Qxe7 20.Nf3 f5 21.exf5 Qb7 22.Nh4 Nf6
23.Ne4 Nd5 24.g3 Ne7 25.Qh5 Qc8 26.Ng5 h6 27.Ne6 Nxf5 28.Nxd8 Nxh4 29.Nxc6
Nf3+ 30.Qxf3 {#r} 1-0

[Event "11th Agzamov Mem 2017"]
[Site "Tashkent UZB"]
[Date "2017.05.02"]
[Round "1.10"]
[White "Kotanjian,T"]
[Black "Vakhidov,Shahzod"]
[Result "1-0"]
[WhiteElo "2471"]
[BlackElo "2021"]

1.d4 g6 2.e4 Bg7 3.Nc3 d6 4.Be3 Nf6 5.Qd2 c6 6.f3 b5 7.Nge2 Nbd7 8.g4 Nb6 9.b3
h5 10.g5 Nfd7 11.Bg2 Bb7 12.f4 b4 13.Nd1 c5 14.Nf2 a5 15.O-O O-O 16.Rad1 cxd4
17.Nxd4 Nc5 18.f5 Nbd7 19.Ne2 Kh7 20.Nf4 Ba6 21.N2d3 Ne5 22.Qe2 Ng4 23.Bc1
Bd4+ 24.Kh1 Qb6 25.Bf3 Nxd3 26.cxd3 Nf2+ 27.Rxf2 Bxf2 28.Bxh5 Bc8 29.fxg6+
fxg6 30.Bxg6+ Kg7 31.Rf1 Rxf4 32.Bxf4 Kxg6 33.Rxf2 Bg4 34.Qxg4 Qxf2 35.Qf5+
{#r} 1-0

[Event "ch-SRB Junior 2017"]
[Site "Belgrade SRB"]
[Date "2017.05.02"]
[Round "7.1"]
[White "Sevkusic,Uros"]
[Black "Besedes,Danilo"]
[Result "1-0"]
[WhiteElo "1906"]
[BlackElo "2303"]

1.e4 e6 2.c4 c5 3.Nc3 Nc6 4.Nf3 a6 5.a3 Qc7 6.d4 cxd4 7.Nxd4 Nf6 8.Be3 Bd6
9.g3 h5 10.h3 h4 11.g4 Be5 12.Bg2 Na5 13.b3 Bf4 14.Bxf4 Qxf4 15.Nde2 Qc7
16.O-O d6 17.f4 Qb6+ 18.Kh1 Qxb3 19.Qxd6 Nd7 20.Qd4 O-O 21.Qf2 Nxc4 22.Qxh4
Ne3 23.Rg1 Nxg2 24.Rxg2 b5 25.g5 Bb7 26.Rag1 g6 27.Qh6 Qc4 28.Rg4 Bxe4+ 29.Kh2
f6 30.Rh4 Kf7 31.Qh7+ Ke8 32.Rd1 Rf7 33.Qg8+ Rf8 34.Qg7 Bc6 35.Rxd7 Qc5 36.Rd4
fxg5 37.Qxg6+ Rf7 38.Qxe6+ Kf8 39.Rh8+ Kg7 40.Qh6# 1-0

[Event "ch-SRB Junior 2017"]
[Site "Belgrade SRB"]
[Date "2017.05.02"]
[Round "7.3"]
[White "Ivic,Velimir"]
[Black "Radovanovic,Mihajlo"]
[Result "1-0"]
[WhiteElo "2354"]
[BlackElo "2347"]

1.e4 c5 2.Nf3 d6 3.d4 cxd4 4.Nxd4 Nf6 5.Nc3 a6 6.Bc4 e6 7.Bb3 Nbd7 8.O-O Nc5
9.Re1 Be7 10.f4 h5 11.h3 Nfd7 12.Be3 Bh4 13.Re2 b5 14.a3 Bb7 15.Nf3 Be7 16.Bd4
Kf8 17.Ba2 Nb6 18.Qe1 Rh6 19.Qf2 Rc8 20.f5 e5 21.Be3 Rh8 22.Rd1 Nbd7 23.Bc1
Rh7 24.h4 f6 25.b4 Na4 26.Nxa4 bxa4 27.Be6 Nb6 28.Bxc8 Bxc8 29.c4 Qc7 30.Be3
Nd7 31.Rc2 Bb7 32.Nd2 Rh8 33.Qe2 Kf7 34.Rdc1 g6 35.fxg6+ Kxg6 36.c5 dxc5
37.Bxc5 Nxc5 38.bxc5 Bc6 39.Nf1 f5 40.exf5+ Kf7 41.Qc4+ Kf8 42.Rf2 Rg8 43.f6
Bd8 44.Rd1 Rg4 45.Qe6 Bxg2 46.Rxg2 Qxc5+ 47.Kh1 {#r} 1-0

[Event "ch-SRB Junior 2017"]
[Site "Belgrade SRB"]
[Date "2017.05.02"]
[Round "8.4"]
[White "Zegarac,Vuk"]
[Black "Sevkusic,Uros"]
[Result "1-0"]
[WhiteElo "2304"]
[BlackElo "1906"]

1.d4 d5 2.Nc3 c6 3.Bg5 h6 4.Bh4 Bf5 5.e3 Nf6 6.Bxf6 exf6 7.Bd3 Be6 8.Nge2 Bd6
9.Ng3 g6 10.Qf3 f5 11.Nge2 Nd7 12.h3 Nf6 13.O-O-O Qe7 14.Rdg1 O-O-O 15.g4 fxg4
16.hxg4 h5 17.gxh5 Rxh5 18.Rxh5 Nxh5 19.Kb1 Qf6 20.Qg2 Bb4 21.a3 Bxc3 22.Nxc3
Bf5 23.Be2 Qe6 24.Bf3 Nf6 25.Rh1 Ne4 26.Bxe4 dxe4 27.Rh4 Qe7 28.Qh1 g5 29.Rh6
Bg6 30.Qh3+ Qd7 31.Qg3 Qf5 32.Rh1 Qf3 33.Qh2 g4 34.Rg1 Qh3 35.Qf4 f5 36.Qe5
Re8 37.Qd6 Bf7 38.d5 Bxd5 39.Nxd5 cxd5 40.Qxd5 Qh7 41.Rd1 Kb8 42.Qb5 Qg6
43.Rd7 Qc6 44.Rxb7+ Qxb7 45.Qxe8+ Qc8 46.Qxc8+ Kxc8 47.Kc1 f4 48.Kd2 f3 49.Ke1
{#r} 1-0

[Event "Zonal 2.5 2017"]
[Site "Villa Martelli ARG"]
[Date "2017.05.02"]
[Round "3.7"]
[White "Krysa,L"]
[Black "Jodorcovsky,P"]
[Result "1-0"]
[WhiteElo "2517"]
[BlackElo "2219"]

1.Nf3 d5 2.g3 Nf6 3.Bg2 Bg4 4.O-O e6 5.c4 c6 6.cxd5 exd5 7.d3 h6 8.Qb3 Qb6
9.Qc2 Nbd7 10.e4 dxe4 11.dxe4 Be6 12.Nc3 Ng4 13.b3 Nde5 14.Nxe5 Nxe5 15.Bb2
Qc5 16.Kh1 f6 17.f4 Ng4 18.Qe2 Qe3 19.Bf3 Qxe2 20.Nxe2 Ne3 21.Nd4 Nxf1 22.Nxe6
Nd2 23.Bh5+ Kd7 24.Nxf8+ Rhxf8 25.Rd1 Rad8 26.Rxd2+ Kc7 27.Re2 g5 28.f5 Rd1+
29.Kg2 Kd7 30.e5 fxe5 31.Bxe5 c5 32.Bg7 {#r} 1-0

[Event "Zonal 2.5 2017"]
[Site "Villa Martelli ARG"]
[Date "2017.05.02"]
[Round "3.10"]
[White "Valerga,D"]
[Black "Martinez,Ay"]
[Result "1-0"]
[WhiteElo "2460"]
[BlackElo "2247"]

1.e4 g6 2.d4 Bg7 3.Nc3 c5 4.d5 d6 5.Nf3 Bg4 6.h3 Bxf3 7.Qxf3 Nd7 8.Be2 a6 9.a4
Qa5 10.Ra3 Rc8 11.O-O Ngf6 12.Bd2 O-O 13.Rd1 c4 14.Qe3 Qb4 15.Rb1 Nc5 16.a5
Rfe8 17.f3 e6 18.dxe6 Rxe6 19.Na4 Qb5 20.Nb6 Qc6 21.Bxc4 Ree8 22.Nxc8 Qxc8
23.Ba2 d5 24.e5 Ncd7 25.Qc3 Nxe5 26.Qxc8 Rxc8 27.Rc3 Nc6 28.Rd1 Nh5 29.Rd3
Bd4+ 30.Kh1 {#r} 1-0

[Event "Zonal 2.5 2017"]
[Site "Villa Martelli ARG"]
[Date "2017.05.02"]
[Round "3.11"]
[White "Sabas,J"]
[Black "Della Morte,G"]
[Result "0-1"]
[WhiteElo "2229"]
[BlackElo "2375"]

1.d4 Nf6 2.c4 g6 3.Nc3 d5 4.cxd5 Nxd5 5.e4 Nxc3 6.bxc3 Bg7 7.Bg5 O-O 8.Rc1 c5
9.Nf3 Bg4 10.d5 Nd7 11.Be2 c4 12.O-O Nc5 13.h3 Bxf3 14.gxf3 b5 15.Be3 Qc7
16.Qd2 Rfd8 17.Bd4 Bxd4 18.cxd4 Na4 19.Kg2 Rab8 20.h4 c3 21.Qe3 b4 22.f4 Kh8
23.Rh1 Rg8 24.h5 g5 25.f5 h6 26.e5 Qd7 27.Qe4 Nb6 28.d6 exd6 29.d5 dxe5
30.Qxe5+ Kh7 31.Bf3 Rbe8 32.Qd4 g4 33.Be4 Rxe4 34.Qxe4 Qxd5 35.Rhe1 a5 36.Kg3
Rc8 37.f6+ Qxe4 38.Rxe4 Nd5 39.Re5 Rc5 40.Rd1 a4 41.Rd4 c2 42.Rxg4 Rc3+ {#R}
0-1

[Event "Zonal 2.5 2017"]
[Site "Villa Martelli ARG"]
[Date "2017.05.02"]
[Round "3.12"]
[White "Abarca Gonzalez,N"]
[Black "Anino,S"]
[Result "1-0"]
[WhiteElo "2426"]
[BlackElo "2159"]

1.e4 e5 2.Nf3 Nc6 3.Bb5 a6 4.Bxc6 dxc6 5.Na3 b5 6.d3 Qd6 7.Nb1 g6 8.O-O Bg7
9.Nbd2 Ne7 10.Nb3 Be6 11.Be3 O-O 12.Bc5 Qd8 13.Na5 Re8 14.h3 Qd7 15.Qd2 Nc8
16.Qc3 f6 17.Rad1 Nd6 18.Bb4 Bh6 19.Nh2 Bf4 20.g3 Bh6 21.h4 Bh3 22.Rfe1 g5
23.hxg5 Bxg5 24.Nxc6 Qg7 25.d4 Kh8 26.g4 Bxg4 27.Nxg4 Bf4 28.Qh3 Rg8 29.f3 f5
30.exf5 e4 31.Bxd6 {#r} 1-0

[Event "Zonal 2.5 2017"]
[Site "Villa Martelli ARG"]
[Date "2017.05.02"]
[Round "3.13"]
[White "Villca,Julian"]
[Black "Spata,G"]
[Result "1-0"]
[WhiteElo "2137"]
[BlackElo "2334"]

1.c4 c5 2.Nf3 Nc6 3.Nc3 g6 4.d4 cxd4 5.Nxd4 Bg7 6.e3 Nf6 7.Be2 O-O 8.O-O Nxd4
9.exd4 d5 10.c5 b6 11.cxb6 axb6 12.Qb3 Ne4 13.Be3 Nxc3 14.Qxc3 Ba6 15.Bxa6
Rxa6 16.a4 Qa8 17.b3 e6 18.Rfc1 h5 19.h3 Qb7 20.Qb4 Rfa8 21.Bf4 Bf8 22.Bd6
Bxd6 23.Qxd6 b5 24.Qf4 R6a7 25.a5 b4 26.Rc5 Qe7 27.Ra4 Qb7 28.Ra2 Qb8 29.Qd2
Kg7 30.Ra4 Rb7 31.Qd3 Qf4 32.g3 Qg5 33.h4 Qg4 34.Qd2 Rab8 35.a6 Ra7 36.Rc6
{#r} 1-0

[Event "Zonal 2.5 2017"]
[Site "Villa Martelli ARG"]
[Date "2017.05.02"]
[Round "3.15"]
[White "Aguero Arce,Matias"]
[Black "Pacheco,Dan"]
[Result "0-1"]
[WhiteElo "2124"]
[BlackElo "2279"]

1.d4 e6 2.Nf3 f5 3.c4 Nf6 4.g3 c6 5.Bg2 d5 6.O-O Bd6 7.b3 Qe7 8.Bb2 O-O 9.Qc1
b5 10.Nbd2 a5 11.a4 b4 12.Ne5 Bb7 13.Nd3 Nbd7 14.c5 Bc7 15.Nf3 Ne4 16.Qc2 f4
17.Rae1 g5 18.Bc1 Qg7 19.g4 h5 20.h3 hxg4 21.hxg4 Qh6 22.Nfe5 Kg7 23.f3 Rh8
24.fxe4 Qh2+ 25.Kf2 Qg3+ 26.Kg1 Rh2 27.Nxf4 gxf4 28.Rf2 Rah8 29.Bxf4 Rh1# 0-1

[Event "Zonal 2.5 2017"]
[Site "Villa Martelli ARG"]
[Date "2017.05.02"]
[Round "3.16"]
[White "Amura,C"]
[Black "Vergara Rozas,J"]
[Result "1-0"]
[WhiteElo "2261"]
[BlackElo "2117"]

1.d4 Nf6 2.c4 c5 3.d5 e6 4.Nc3 g6 5.e4 exd5 6.exd5 d6 7.h3 Bg7 8.Bd3 O-O 9.Nf3
Re8+ 10.Kf1 Nbd7 11.Bf4 Ne5 12.Nxe5 dxe5 13.Be3 b6 14.g4 Rf8 15.Qd2 Ba6 16.Bg5
Qd7 17.Re1 Rae8 18.b3 Kh8 19.Bh6 Bxh6 20.Qxh6 Ng8 21.Qh4 f5 22.gxf5 gxf5
23.Rg1 e4 24.Be2 Re7 25.Rd1 Qd6 26.Bh5 Nf6 27.Bg6 Nd7 28.Bh5 f4 29.a4 e3 30.f3
Nf6 31.Ne2 Bc8 32.Bg4 Bxg4 33.hxg4 Nd7 34.Rh1 Ne5 35.Rh3 Rg7 36.Kg2 Qg6 37.d6
Qc2 38.Qe1 Nd3 39.Qf1 Qxb3 40.Rh5 Nf2 41.Rdd5 Qxa4 42.Rhf5 Rfg8 43.Rxf4 Qd7
44.Qa1 Qd8 45.Ng3 Qh4 46.Rh5 Qd8 47.Rf7 Nd3 48.Rxh7+ {#r} 1-0

[Event "Zonal 2.5 2017"]
[Site "Villa Martelli ARG"]
[Date "2017.05.02"]
[Round "3.17"]
[White "Restuccia,F"]
[Black "Arias,Juan Cruz"]
[Result "1-0"]
[WhiteElo "2118"]
[BlackElo "2254"]

1.e4 e6 2.d4 d5 3.e5 c5 4.c3 Qb6 5.Nf3 Nc6 6.a3 f6 7.b4 fxe5 8.dxe5 Nh6 9.Bxh6
gxh6 10.Bd3 c4 11.Bc2 Bg7 12.O-O O-O 13.Qe2 Bd7 14.Nbd2 Be8 15.h3 Bh5 16.g4
Bg6 17.Bxg6 hxg6 18.Kg2 Rf4 19.a4 a6 20.b5 axb5 21.axb5 Rxa1 22.Rxa1 Qxb5
23.Ra8+ Rf8 24.Rxf8+ Bxf8 25.g5 h5 26.Nh4 Kg7 27.Ndf3 Qb1 28.Qe3 Be7 29.Nd2
Qc2 30.Nhf3 Qb2 31.Nh4 Nd8 32.Ne4 Qb5 33.Nf6 Qc6 34.Kg1 b5 35.Qe2 {#r} 1-0

[Event "Zonal 2.5 2017"]
[Site "Villa Martelli ARG"]
[Date "2017.05.02"]
[Round "3.21"]
[White "Coro,Lucas"]
[Black "Galleto,Ricardo"]
[Result "1-0"]
[WhiteElo "2238"]
[BlackElo "1982"]

1.e4 g6 2.d4 Bg7 3.Nc3 d6 4.Bg5 c5 5.d5 Nf6 6.Qd2 h6 7.Bf4 a6 8.a4 b6 9.f3
Nbd7 10.Nh3 Nh5 11.Be3 Ne5 12.Nf2 g5 13.Be2 Ng6 14.g3 Be5 15.Nd3 Bd4 16.f4
Bxe3 17.Qxe3 gxf4 18.gxf4 Ng7 19.h4 h5 20.f5 Bxf5 21.exf5 Nxf5 22.Qf2 Nd4
23.O-O-O b5 24.Rhf1 f6 25.Bf3 Kd7 26.Ne2 Nxf3 27.Qxf3 Kc7 28.Qf5 Ne5 29.Nef4
Kb7 30.Nxe5 fxe5 31.Nxh5 Qa5 32.Qf7 Qxa4 33.Qxe7+ Kb6 34.Qxd6+ Ka5 35.Qxc5
Rac8 36.b4+ Qxb4 37.Qxb4+ Kxb4 38.Nf6 Rxh4 39.d6 Rh2 40.Rd2 Rxd2 41.Kxd2 Kc5
42.d7 Rd8 43.Ke3 a5 44.Ke4 Kd6 45.Kf5 a4 46.Re1 Kc6 47.Ke6 {#r} 1-0

[Event "Zonal 2.5 2017"]
[Site "Villa Martelli ARG"]
[Date "2017.05.02"]
[Round "3.23"]
[White "Fiori,A"]
[Black "Benoit,Rodrigo"]
[Result "0-1"]
[WhiteElo "2091"]
[BlackElo "2151"]

1.e4 e5 2.Nf3 Nc6 3.Bb5 a6 4.Ba4 Nf6 5.O-O Be7 6.Qe2 b5 7.Bb3 O-O 8.c3 d6 9.h3
Na5 10.Bc2 c5 11.Rd1 Qc7 12.d3 Re8 13.Nbd2 Bf8 14.Nf1 h6 15.Ng3 d5 16.Nh2 dxe4
17.dxe4 Be6 18.Ng4 Nxg4 19.hxg4 g6 20.Kh2 Qe7 21.Rh1 Qh4+ 22.Kg1 Qxg4 23.Qe1
Bc8 24.f3 Qe6 25.Bxh6 Bxh6 26.Rxh6 Qe7 27.Kf2 Qg5 28.Qh1 Be6 29.b3 Red8 30.Ne2
Kf8 31.Rh8+ Ke7 32.Rxd8 Rxd8 33.Rd1 Rd2 34.Rxd2 Qxd2 35.Qc1 Qxc1 36.Nxc1 {#R}
0-1

[Event "Zonal 2.5 2017"]
[Site "Villa Martelli ARG"]
[Date "2017.05.02"]
[Round "3.25"]
[White "Cuberli,E"]
[Black "Bulgarini Torre,M"]
[Result "1-0"]
[WhiteElo "2162"]
[BlackElo "1890"]

1.e4 e6 2.Qe2 c5 3.f4 Nc6 4.Nf3 Nge7 5.d3 b6 6.g3 Bb7 7.Bg2 g6 8.Nc3 Bg7 9.e5
d5 10.O-O a6 11.a3 Qc7 12.Bd2 h6 13.b4 O-O 14.bxc5 bxc5 15.Qf2 Nb8 16.g4 Nd7
17.Qh4 g5 18.fxg5 Ng6 19.Qh5 Ndxe5 20.gxh6 Nxf3+ 21.Rxf3 Bd4+ 22.Kh1 Bxc3
23.Bxc3 d4 24.Bd2 Bxf3 25.Bxf3 Ra7 26.Be4 Kh7 27.Rf1 Qd6 28.Bf4 Qb6 29.Be5 f5
30.gxf5 exf5 31.Bxf5 Raf7 32.Bg3 Qc6+ 33.Kg1 Qb6 34.Kg2 Qf6 35.Qg4 Qxf5
36.Rxf5 Rxf5 37.Qe4 Kxh6 38.h4 R8f7 39.a4 Rf1 40.Qc6 R1f5 41.Qxa6 Kh5 42.Kh3
Rf3 43.Qc8 R7f5 44.a5 Nf4+ 45.Kh2 Rd5 46.Bxf4 Rxf4 47.Qh8+ Kg4 48.Qg8+ Kf3
49.Qxd5+ Kf2 50.Qg2+ {#r} 1-0